000 00310nam a2200157Ia 4500
100 _aVaish/ M.C.
650 _aGeneral
250 _a11
942 _cBK
654 _amacro
245 _aMacro economic theory
260 _bVikas pub.
_c1999
082 _a339.3
_bVAI
300 _a688
546 _aENGLISH
999 _c27289
_d27289